000 00830nam a22002777a 4500
001 9409
003 FISKH
005 20260106083437.0
008 260106b cb ||||| |||| 00| 0 eng d
040 _aFISKH
_beng
_cFISKH
_dFISKH
050 _aPZ7
082 _a630
100 _aAnonymous
_eAuthor
245 _aEmergency /
260 _aNew York :
_bParadise Press ,
_c2004
300 _a10 unnumbered pages :
_bphotographs ;
_c15 x 18 cm
490 _aMighty movers
505 _aE
520 _aPictures and short descriptions of emergency vehicles including fire engines, police vehicles and ambulances.
521 8 _a200
_bLexile estimate
521 8 _aE
_bRaz-Plus
650 _aEmergency services
_vEmergency vehicles
650 _aChildren's
_vCommunity helpers
942 _2ddc
_cBK
_n0
999 _c9409
_d9409